Expropiación forzosa: legislación y jurisprudencia comentadas

Saved in:
Bibliografiske detaljer
Hovedforfatter: Moreno Gil, Óscar (autor)
Format: Bog
Sprog:spansk
Udgivet: Madrid Civitas 1983
Fag:
Tags: Tilføj Tag
Ingen Tags, Vær først til at tagge denne postø!

MARC

LEADER 00000nam a2200000 a 4500
001 UCS0548
003 CL-VaPUC
008 970426e19830000SP |||||||||||||||||spa|d
082 0 4 |a 343.025  |b MOR  |2 21 
100 |a Moreno Gil, Óscar  |e autor  |9 487193 
245 1 0 |a Expropiación forzosa: legislación y jurisprudencia comentadas 
300 |a 1455 p 
942 |c BK 
945 |d 19970426 00:00:00  |a paguirre 
260 |a Madrid  |b Civitas  |c 1983 
650 7 |a EXPROPIACION  |2 CL-VaPUC  |9 360440 
650 7 |a EXPROPIACION AGRARIA  |2 CL-VaPUC  |9 384194 
650 0 |a Propiedad   |9 255268 
650 0 |a Propiedad privada  |9 257919 
650 0 |a Bienes  |9 255749 
651 0 |a España  |9 254926 
583 |a last modification  |c 19970426 00:00:00  |k Rodrigo Vera 
999 |c 258771  |d 258769 
952 |0 0  |1 0  |4 0  |6 343_025000000000000_MOR_1983  |7 0  |8 A  |9 283066  |a BIBDER  |b BIBDER  |d 2019-11-19  |i 1836757  |l 1  |o 343.025 MOR 1983  |p 1836757  |r 2023-01-25  |s 2021-06-10  |w 2019-11-19  |y BK  |k DER